header

Racing Odysseus : (Record no. 251397)

MARC details
000 -LEADER
fixed length control field 01517cam a2200385 a 4500
001 - CONTROL NUMBER
control field 15122193
003 - CONTROL NUMBER IDENTIFIER
control field OSt
005 - DATE AND TIME OF LATEST TRANSACTION
control field 20151119091202.0
008 - FIXED-LENGTH DATA ELEMENTS--GENERAL INFORMATION
fixed length control field 071226s2008 cau b s000 0aeng
010 ## - LIBRARY OF CONGRESS CONTROL NUMBER
LC control number 2007051017
015 ## - NATIONAL BIBLIOGRAPHY NUMBER
National bibliography number GBA877663
Source bnb
016 7# - NATIONAL BIBLIOGRAPHIC AGENCY CONTROL NUMBER
Record control number 014646707
Source Uk
020 ## - INTERNATIONAL STANDARD BOOK NUMBER
International Standard Book Number 9780520255418 (cloth : alk. paper)
International Standard Book Number 0520255410 (cloth : alk. paper)
035 ## - SYSTEM CONTROL NUMBER
System control number (OCoLC)ocn185123386
System control number (OCoLC)185123386
040 ## - CATALOGING SOURCE
Original cataloging agency DLC
Transcribing agency DLC
Modifying agency BAKER
-- BTCTA
-- YDXCP
-- UKM
-- C#P
-- BWX
-- DLC
043 ## - GEOGRAPHIC AREA CODE
Geographic area code n-us---
-- n-us-md
050 00 - LIBRARY OF CONGRESS CALL NUMBER
Classification number LA2317.M278
Item number A3 2008
082 00 - DEWEY DECIMAL CLASSIFICATION NUMBER
Classification number 378.1/11
-- B
Edition number 22
100 1# - MAIN ENTRY--PERSONAL NAME
Personal name Martin, Roger H.,
Dates associated with a name 1943-
245 10 - TITLE STATEMENT
Title Racing Odysseus :
Remainder of title a college president becomes a freshman again /
Statement of responsibility, etc Roger H. Martin.
260 ## - PUBLICATION, DISTRIBUTION, ETC. (IMPRINT)
Place of publication, distribution, etc Berkeley :
Name of publisher, distributor, etc University of California Press,
Date of publication, distribution, etc c2008.
300 ## - PHYSICAL DESCRIPTION
Extent xi, 262 p. ;
Dimensions 22 cm.
504 ## - BIBLIOGRAPHY, ETC. NOTE
Bibliography, etc Includes bibliographical references (p. 261-262).
600 10 - SUBJECT ADDED ENTRY--PERSONAL NAME
Personal name Martin, Roger H.,
Dates associated with a name 1943-
610 20 - SUBJECT ADDED ENTRY--CORPORATE NAME
Corporate name or jurisdiction name as entry element St. John's College (Annapolis, Md.)
650 #0 - SUBJECT ADDED ENTRY--TOPICAL TERM
Topical term or geographic name as entry element College presidents
Geographic subdivision United States
Form subdivision Biography.
Topical term or geographic name as entry element Adult college students
Geographic subdivision United States
Form subdivision Biography.
Topical term or geographic name as entry element Cancer
General subdivision Patients
Geographic subdivision United States
Form subdivision Biography.
856 41 - ELECTRONIC LOCATION AND ACCESS
Materials specified Table of contents only
Uniform Resource Identifier <a href="http://www.loc.gov/catdir/toc/ecip087/2007051017.html">http://www.loc.gov/catdir/toc/ecip087/2007051017.html</a>
906 ## - LOCAL DATA ELEMENT F, LDF (RLIN)
a 7
b cbc
c orignew
d 1
e ecip
f 20
g y-gencatlg
942 ## - ADDED ENTRY ELEMENTS (KOHA)
Source of classification or shelving scheme Library of Congress Classification
Koha item type Long Loan Books

No items available.

© 2026 Rongo University
Contact us: librarian | system librarian | Rongo university